Plnenie štátneho rozpočtu SR za prvý polrok 1995

Bibliographic Details
Main Author: (Am) (Author)
Format: Article
Language:Slovak
PhysicalDescription:Tab. 1
ISSN:0862-9567
Subjects:

MARC

LEADER 00000nab a2200000 a 4500
001 vtls000555992
003 SK-MaSNL
005 20260303015103.0
008 150501c1995 xo 0 slo
015 |a SNBRB19rr/mm-uuuuu 
035 |a CL0556130 
040 |a SNKBUCL  |b slo  |c SNKBUCL  |e AACR2 
041 0 |a slo 
044 |a xo  |c SK 
080 |a 336.126(437.6)  |2 1981 
100 1 |a (Am)  |4 aut  |9 859592 
245 1 0 |a Plnenie štátneho rozpočtu SR za prvý polrok 1995  |c (am) 
300 |b Tab. 1 
650 0 7 |a rozpočet štátny SR  |2 snkbucl  |9 966872 
655 7 |a články z novín a časopisov  |2 snkbucl  |9 267496 
773 0 |t Hospodárske noviny  |g Roč. 3, č. 158 (16. 8. 1995), s. 6-7  |x 0862-9567 
850 |a Slovenská národná knižnica v Martine  |a MTA001 
852 |a SNK  |b KIS3GCP 
958 |a RK 
958 |a SK 
992 |a RBX 
999 |c 1611053  |d 1612983